LEADER 01462nam 2200337 n 450 001 996387684703316 005 20221108080412.0 035 $a(CKB)1000000000632674 035 $a(EEBO)2264184638 035 $a(UnM)99871466 035 $a(EXLCZ)991000000000632674 100 $a19850712d1641 uy | 101 0 $aeng 135 $aurbn||||a|bb| 200 13$aAn humble examination of a printed abstract of the answers to nine reasons of the House of Commons, against the votes of bishops in Parliament$b[electronic resource] /$fPrinted by order of a committee of the honourable House of Commons, now assembled in Parliament 210 $aLondon $cPrinted for P. Stephens and C. Meredith$d1641 215 $a[2], 77, [1] p 300 $aThe Answers were prepared by John Williams, Archbishop of York, for the House of Lords. 300 $aAttributed to Cornelius Burges by Halkett & Laing (2nd ed.). 300 $aErrata: p. 77. 300 $aReproduction of original in Thomason Collection, British Library, and University of Chicago Library. 330 $aeebo-0018 700 $aBurges$b Cornelius$f1589?-1665.$01002137 801 0$bCu-RivES 801 1$bCu-RivES 801 2$bCStRLIN 801 2$bWaOLN 906 $aBOOK 912 $a996387684703316 996 $aAn humble examination of a printed abstract of the answers to nine reasons of the House of Commons, against the votes of bishops in Parliament$92303146 997 $aUNISA